01271cam a22003497a 4500003000500000005001700005008004100022010001000063011001000073020001500083035001100098040000900109082001500118100003500133245011000168260004200278300001100320590004100331590004100372590004100413590004100454590004200495650003300537650004200570700003400612901000700646905001000653942001000663949008600673999001700759952014500776CHAP20220329143013.0050621d1999 uk r 00110 eng d a90516 a91488 a0521607698 a102047 cCHAP04a551.5bM5200aMendelsohn, Roberteed.97456614aThe impact of climate change on the United States economyc/ed. by Robert Mendelsohn and James E. Neumann aCambridge :bUniversity Press,c1999. a331 p. aBATCH-UPDb10c20130110lUCH01h0545 aBATCH-UPDb10c20130110lUCH01h2355 aBATCH-UPDb10c20130410lUCH01h0226 aBATCH-UPDb10c20130914lUCH01h0822 aCONVERSIONb10c20130109lUCH01h135014aCambios climáticos.91779214aPolítica económicaxE.U.A.9905030 aNeumann, James E.eed.980934 aBK aLilia cLIBRO a551.5 M52bBCcLIBROd33724000973731eLIBROgI.224688h106126i102047sit$707.00 c90516d90516 00102ddc4052708GRALaBCbBCcPA_GRALd2019-12-31eI.224688fLIBROl0o551.5 M52p33724000973731r2019-12-31 00:00:00w2019-12-31yLIBRO